Nommez un voisin pour chaque département français - Statistiques

Statistiques générales
  • Ce quiz a été pris 7 360 fois
  • Le résultat moyen est 67 sur 96
Statistiques - réponses
Département Frontières Réponses possibles % Correct
04 | Alpes-de-Haute-Provence Alpes-Maritimes | Var | Vaucluse | Drôme | Hautes-Alpes
88%
2A | Corse-du-Sud Haute-Corse
88%
2B | Haute-Corse Corse-du-Sud
87%
01 | Ain Rhône | Isère | Savoie | Haute-Savoie | Saône-et-Loire | Jura
85%
05 | Hautes-Alpes Alpes-de-Haute-Provence | Drôme | Isère | Savoie
85%
06 | Alpes-Maritimes Var | Alpes-de-Haute-Provence
85%
17 | Charente-Maritime Charente | Deux-Sèvres | Dordogne | Gironde | Vendée
84%
16 | Charente Charente-Maritime | Deux-Sèvres | Dordogne | Haute-Vienne | Vienne
83%
29 | Finistère Côtes-d'Armor | Morbihan
83%
13 | Bouches-du-Rhône Gard | Vaucluse | Var
82%
27 | Eure Calvados | Eure-et-Loir | Oise | Orne | Seine-Maritime | Val-d'Oise | Yvelines
82%
28 | Eure-et-Loir Essonne | Eure | Loir-et-Cher | Loiret | Orne | Sarthe | Yvelines
82%
22 | Côtes-d'Armor Finistère | Ille-et-Vilaine | Morbihan
81%
36 | Indre Cher | Creuse | Haute-Vienne | Indre-et-Loire | Loir-et-Cher | Vienne
81%
37 | Indre-et-Loire Indre | Loir-et-Cher | Maine-et-Loire | Sarthe | Vienne
81%
46 | Lot Aveyron | Cantal | Corrèze | Dordogne | Lot-et-Garonne | Tarn-et-Garonne
81%
42 | Loire Allier | Ardèche | Haute-Loire | Isère | Puy-de-Dôme | Rhône | Saône-et-Loire
80%
47 | Lot-et-Garonne Dordogne | Gers | Gironde | Landes | Lot | Tarn-et-Garonne
80%
07 | Ardèche Loire | Isère | Drôme | Vaucluse | Gard | Lozère | Haute-Loire
79%
59 | Nord Aisne | Pas-de-Calais | Somme
79%
02 | Aisne Nord | Somme | Oise | Seine-et-Marne | Marne | Ardennes
78%
14 | Calvados Eure | Orne | Manche
78%
18 | Cher Allier | Creuse | Indre | Loir-et-Cher | Loiret | Nièvre
78%
33 | Gironde Charente-Maritime | Dordogne | Landes | Lot-et-Garonne
78%
41 | Loir-et-Cher Cher | Eure-et-Loir | Indre | Indre-et-Loire | Loiret | Sarthe
78%
43 | Haute-Loire Ardèche | Cantal | Loire | Lozère | Puy-de-Dôme
78%
51 | Marne Aisne | Ardennes | Aube | Haute-Marne | Meuse | Seine-et-Marne
78%
62 | Pas-de-Calais Nord | Somme
78%
30 | Gard Ardèche | Aveyron | Bouches-du-Rhône | Hérault | Lozère | Vaucluse
77%
35 | Ille-et-Vilaine Côtes-d'Armor | Loire-Atlantique | Maine-et-Loire | Manche | Mayenne | Morbihan
77%
38 | Isère Ain | Ardèche | Drôme | Hautes-Alpes | Loire | Rhône | Savoie
77%
40 | Landes Gers | Gironde | Lot-et-Garonne | Pyrénées-Atlantiques
77%
52 | Haute-Marne Aube | Côte-d'Or | Haute-Saône | Marne | Meuse | Vosges
77%
56 | Morbihan Côtes-d'Armor | Finistère | Ille-et-Vilaine | Loire-Atlantique
77%
54 | Meurthe-et-Moselle Bas-Rhin | Meuse | Moselle | Vosges
76%
67 | Bas-Rhin Haut-Rhin | Meurthe-et-Moselle | Moselle | Vosges
76%
68 | Haut-Rhin Bas-Rhin | Territoire de Belfort | Vosges
76%
19 | Corrèze Cantal | Creuse | Dordogne | Haute-Vienne | Lot | Puy-de-Dôme
75%
31 | Haute-Garonne Ariège | Aude | Gers | Hautes-Pyrénées | Tarn | Tarn-et-Garonne
75%
44 | Loire-Atlantique Ille-et-Vilaine | Maine-et-Loire | Morbihan | Vendée
75%
57 | Moselle Bas-Rhin | Meurthe-et-Moselle
75%
08 | Ardennes Aisne | Marne | Meuse
74%
15 | Cantal Puy-de-Dôme | Aveyron | Corrèze | Haute-Loire | Lozère | Lot
74%
34 | Hérault Aude | Aveyron | Gard | Tarn
74%
50 | Manche Calvados | Ille-et-Vilaine | Mayenne | Orne
74%
21 | Côte-d'Or Aube | Haute-Marne | Haute-Saône | Jura | Nièvre | Saône-et-Loire | Yonne
73%
24 | Dordogne Charente | Charente-Maritime | Corrèze | Gironde | Haute-Vienne | Lot | Lot-et-Garonne
73%
25 | Doubs Haute-Saône | Jura | Territoire de Belfort
73%
39 | Jura Ain | Côte-d'Or | Doubs | Haute-Saône | Saône-et-Loire
73%
11 | Aude Pyrénées-Orientales | Ariège | Haute-Garonne | Tarn | Hérault
72%
12 | Aveyron Lozère | Gard | Hérault | Tarn | Tarn-et-Garonne | Lot | Cantal
72%
23 | Creuse Allier | Cher | Corrèze | Haute-Vienne | Indre | Puy-de-Dôme
72%
64 | Pyrénées-Atlantiques Gers | Hautes-Pyrénées | Landes
72%
73 | Savoie Ain | Hautes-Alpes | Isère | Haute-Savoie
72%
74 | Haute-Savoie Ain | Savoie
72%
26 | Drôme Alpes-de-Haute-Provence | Ardèche | Hautes-Alpes | Isère | Vaucluse
71%
45 | Loiret Cher | Essonne | Eure-et-Loir | Loir-et-Cher | Nièvre | Seine-et-Marne | Yonne
71%
03 | Allier Cher | Nièvre | Saône-et-Loire | Loire | Puy-de-Dôme | Creuse
70%
60 | Oise Aisne | Eure | Seine-et-Marne | Seine-Maritime | Somme | Val-d'Oise
70%
69 | Rhône Ain | Isère | Loire | Saône-et-Loire
70%
09 | Ariège Haute-Garonne | Aude | Pyrénées-Orientales
69%
55 | Meuse Ardennes | Haute-Marne | Marne | Meurthe-et-Moselle | Vosges
69%
65 | Hautes-Pyrénées Gers | Haute-Garonne | Pyrénées-Atlantiques
69%
32 | Gers Haute-Garonne | Hautes-Pyrénées | Landes | Lot-et-Garonne | Pyrénées-Atlantiques | Tarn-et-Garonne
68%
75 | Paris Hauts-de-Seine | Seine-Saint-Denis | Val-de-Marne
68%
53 | Mayenne Ille-et-Vilaine | Maine-et-Loire | Manche | Orne | Sarthe
67%
63 | Puy-de-Dôme Allier | Cantal | Corrèze | Creuse | Haute-Loire | Loire
67%
49 | Maine-et-Loire Deux-Sèvres | Ille-et-Vilaine | Indre-et-Loire | Loire-Atlantique | Mayenne | Sarthe | Vendée | Vienne
66%
10 | Aube Marne | Haute-Marne | Côte-d'Or | Yonne | Seine-et-Marne
65%
48 | Lozère Ardèche | Aveyron | Cantal | Gard | Haute-Loire
63%
61 | Orne Calvados | Eure | Eure-et-Loir | Manche | Mayenne | Sarthe
61%
66 | Pyrénées-Orientales Ariège | Aude
61%
58 | Nièvre Allier | Cher | Côte-d'Or | Loiret | Saône-et-Loire | Yonne
60%
81 | Tarn Aude | Aveyron | Haute-Garonne | Hérault | Tarn-et-Garonne
60%
82 | Tarn-et-Garonne Aveyron | Gers | Haute-Garonne | Lot | Lot-et-Garonne | Tarn
60%
77 | Seine-et-Marne Aisne | Aube | Essonne | Loiret | Marne | Oise | Seine-Saint-Denis | Val-de-Marne | Val-d'Oise | Yonne
59%
83 | Var Alpes-de-Haute-Provence | Alpes-Maritimes | Bouches-du-Rhône | Vaucluse
59%
72 | Sarthe Eure-et-Loir | Indre-et-Loire | Loir-et-Cher | Maine-et-Loire | Mayenne | Orne
58%
78 | Yvelines Essonne | Eure | Eure-et-Loir | Hauts-de-Seine | Val-d'Oise
58%
71 | Saône-et-Loire Ain | Allier | Côte-d'Or | Jura | Loire | Nièvre | Rhône
57%
80 | Somme Aisne | Nord | Oise | Pas-de-Calais | Seine-Maritime
56%
84 | Vaucluse Alpes-de-Haute-Provence | Ardèche | Bouches-du-Rhône | Drôme | Gard | Var
56%
76 | Seine-Maritime Eure | Oise | Somme
55%
86 | Vienne Charente | Deux-Sèvres | Haute-Vienne | Indre | Indre-et-Loire | Maine-et-Loire
55%
87 | Haute-Vienne Charente | Corrèze | Creuse | Dordogne | Indre | Vienne
55%
70 | Haute-Saône Côte-d'Or | Doubs | Haute-Marne | Jura | Territoire de Belfort | Vosges
54%
92 | Hauts-de-Seine Essonne | Seine-Saint-Denis | Paris | Val-de-Marne | Val-d'Oise | Yvelines
53%
93 | Seine-Saint-Denis Hauts-de-Seine | Paris | Seine-et-Marne | Val-de-Marne | Val-d'Oise
53%
85 | Vendée Charente-Maritime | Deux-Sèvres | Loire-Atlantique | Maine-et-Loire
52%
79 | Deux-Sèvres Charente | Charente-Maritime | Maine-et-Loire | Vendée | Vienne
51%
94 | Val-de-Marne Essonne | Hauts-de-Seine | Paris | Seine-et-Marne | Seine-Saint-Denis
51%
90 | Territoire de Belfort Doubs | Haut-Rhin | Haute-Saône | Vosges
49%
91 | Essonne Eure-et-Loir | Hauts-de-Seine | Loiret | Seine-et-Marne | Val-de-Marne | Yvelines
49%
88 | Vosges Bas-Rhin | Haut-Rhin | Haute-Marne | Haute-Saône | Meurthe-et-Moselle | Meuse | Vosges
47%
95 | Val-d'Oise Eure | Hauts-de-Seine | Oise | Seine-et-Marne | Seine-Saint-Denis | Yvelines
47%
89 | Yonne Aube | Côte-d'Or | Loiret | Nièvre | Seine-et-Marne
43%
Aucun quiz correspondant
Distribution des résultats
% des personnes avec chaque résultat
Percentile par nombre de réponses
Votre historique - résultats
Vous n’avez pas pris ce quiz